• 首页
  • 本馆介绍
  • 公告通知
  • 最新文献
  • 馆藏检索
  • 电子资源
  • 读者导购
  • 参考咨询
  • 我的图书馆
  • 登录
  • 详细信息显示
  • 放入我的书架
  • 预约/预借图书
  • 作者相关作品
  • 分类相关作品
  • 丛书相关作品
  • 出版社相关作品

书目信息

  • 表格格式
  • 工作单格式
  • 卡片格式
题名:
看得见的世界史
    
 
作者: 肖石忠 主编
分册:   玛雅
出版信息: 北京   石油工业出版社  2018
页数: 239页
开本: 21cm
丛书名:
单 册:
中图分类: K731.2-49
科图分类:
主题词: 玛雅文化--ma ya wen hua--通俗读物
电子资源:
ISBN: 978-7-5183-2379-1
000 00820nam0 2200241 450
001 BPC180680783
005 20180417091839.79
010    @a978-7-5183-2379-1@dCNY 39.00
100    @a20180320d2018 em y0chiy50 ea
101 0  @achi
102    @aCN@b110000
105    @aa z 000yy
200 1  @a看得见的世界史@Akan de jian de shi jie shi@i玛雅@d= Visible history of the world@iMaya@f肖石忠主编@zeng
210    @a北京@c石油工业出版社@d2018
215    @a239页@c彩图@d21cm
330    @a本书以故事形式从科学、农业、文化和艺术等方面对玛雅的文明做了精彩展示。
510 1  @aVisible history of the world@iMaya@zeng
606 0  @a玛雅文化@Ama ya wen hua@j通俗读物
690    @aK731.2-49@v5
701  0 @a肖石忠@Axiao shi zhong@4主编
801  0 @aCN@bMUSE@c20181206
905    @aBZT@dK731.2-49@e1
906    @dCNY29.80@n3@r1
    
    看得见的世界史.玛雅= Visible history of the world.Maya/肖石忠主编.-北京:石油工业出版社,2018
    239页:彩图;21cm
    
    
    ISBN 978-7-5183-2379-1:CNY 39.00
    本书以故事形式从科学、农业、文化和艺术等方面对玛雅的文明做了精彩展示。
●
相关链接 在五车中查询图书 在当当中查询图书 在豆瓣中查询图书


正题名:看得见的世界史     索取号:K731.2-49/1         预约/预借

序号 登录号 条形码 馆藏地/架位号 状态 备注
1 858869   2000858869   第二书库/ [索取号:K731.2-49/1] 在馆    
2 858870   2000858870   第二书库/ [索取号:K731.2-49/1] 在馆    
3 858871   2000858871   第二书库/ [索取号:K731.2-49/1] 在馆    
山东省滨州职业学院图书馆 欢迎您!
大连网信软件有限公司© 版权所有